| 000 | 01023nam a2200265Ia 4500 | ||
|---|---|---|---|
| 999 |
_c45777 _d45777 |
||
| 001 | 12604 | ||
| 003 | GE_BSU | ||
| 005 | 20240710164925.0 | ||
| 008 | 181216s2014||||ge |||||||||||||| ||geo|| | ||
| 020 | _a978994193870 | ||
| 040 | _cGE_BSU | ||
| 041 | _ageo | ||
| 080 | _a821.353.1-31 მ-43 | ||
| 100 |
_aმახარაძე, აკაკი _912168 |
||
| 245 |
_aუთქმელი ანდერძი : _bრომანი / _cაკაკი მახარაძე ; რედ. : ოთარ ცინარიძე, ოთარ ფუტკარაძე. |
||
| 260 | _aთბილისი | ||
| 260 | _bივერიონი | ||
| 260 | _c2014 | ||
| 300 |
_a280 გვ. ; _c20 სმ. |
||
| 520 | _aნაჩუქარი | ||
| 653 | _aუთქმელი ანდერძი | ||
| 700 |
_a ცინარიძე, ოთარ _eრედაქტორი _922795 |
||
| 700 |
_aფუტკარაძე, ოთარ _eრედაქტორი _91700 |
||
| 942 |
_cBK _2udc |
||